000 00763nam a2200229 i 4500
001 79055
003 ES-MaACL
005 20230906173906.0
007 t|
008 041019s1962 sp |||| | spa d
100 1 _aHeisenberg, Werner.
_962398
245 1 4 _aLos nuevos fundamentos de la ciencia /
_cWerner Heisenberg ; traducción española de la 9ª edición alemana por José Mª Gimeno.
260 _aMadrid :
_bNorte y Sur,
_c[1962]
300 _a210 p. ;
_c19 cm.
490 1 _aAventura de la ciencia ;
_v1
650 _aCiencia-
_xFilosofía.
_910950
650 0 4 _aFísica-
_xFilosofía.
_912881
700 1 _aGimeno, José María.
_957081
830 0 _aAventura de la ciencia ;
_v1
_9231418
852 _aES-MaACL
_jC-23518
999 _c79055
_d79055